Report of the technical consultation to review progress and promote the full implementation of the

Đã lưu trong:
书目详细资料
格式: 图书
语言:Undetermined
出版: Rome FAO 2004
主题:
标签: 添加标签
没有标签, 成为第一个标记此记录!
Thư viện lưu trữ: Trung tâm Học liệu Trường Đại học Cần Thơ
LEADER 00455nam a2200157Ia 4500
001 CTU_94924
008 210402s9999 xx 000 0 und d
082 |a 639.3 
082 |b R425 
245 0 |a Report of the technical consultation to review progress and promote the full implementation of the 
260 |a Rome 
260 |b FAO 
260 |c 2004 
650 |a Fisheries 
904 |i Mai Loan 
980 |a Trung tâm Học liệu Trường Đại học Cần Thơ